Loading...
| Current Events | 1 | 20.00 | 100% | 100% | 0% |
| Fine Arts - Classical Music | 8 | 13.75 | 100% | 38% | 0% |
| Fine Arts - Other | 7 | 15.71 | 86% | 57% | 14% |
| Fine Arts - Painting and Sculpture | 9 | 17.78 | 100% | 44% | 33% |
| Geography | 3 | 23.33 | 100% | 100% | 33% |
| History - American | 9 | 21.11 | 100% | 78% | 33% |
| History - European | 7 | 27.14 | 100% | 86% | 86% |
| History - Other | 6 | 18.33 | 100% | 83% | 0% |
| History - World | 7 | 17.14 | 100% | 71% | 0% |
| Literature - American | 7 | 18.57 | 100% | 57% | 29% |
| Literature - British | 9 | 18.89 | 100% | 67% | 22% |
| Literature - European | 8 | 20.00 | 100% | 75% | 25% |
| Literature - World | 5 | 18.00 | 80% | 60% | 40% |
| Mythology | 8 | 18.75 | 100% | 63% | 25% |
| Other Academic | 1 | 20.00 | 100% | 100% | 0% |
| Philosophy | 4 | 20.00 | 100% | 100% | 0% |
| Pop Culture | 2 | 15.00 | 100% | 50% | 0% |
| Religion | 9 | 18.89 | 100% | 44% | 44% |
| Science - Biology | 6 | 15.00 | 100% | 50% | 0% |
| Science - Chemistry | 9 | 14.44 | 100% | 44% | 0% |
| Science - Other | 6 | 18.33 | 100% | 50% | 33% |
| Science - Physics | 7 | 18.57 | 86% | 86% | 14% |
| Social Science | 8 | 16.25 | 100% | 38% | 25% |